| 000 | 00578cam a2200217 4500 | ||
|---|---|---|---|
| 001 | BFIL000964 | ||
| 008 | 1994 spa | ||
| 020 | _a84-239-7787-0 | ||
| 035 | _aBFIL000964 | ||
| 050 | 4 |
_aHG535 _bR5 1999 |
|
| 100 | 1 | _aRiviere, Margarita | |
| 245 | 0 |
_aMujeres y Hombres : la impia rebelion / _cMargarita Riviere, Salvador Giner. |
|
| 260 |
_aEspaƱa : _bEspasa, _c1999 |
||
| 300 | _a184 p. | ||
| 500 | _a1 ejem. | ||
| 505 | _aBFIL | ||
| 650 | 4 | _aClases Sociales | |
| 650 | 4 | _aSociedad | |
| 700 | 1 |
_aGiner, Salvador, _ecoaut. |
|
| 942 |
_2lcc _cLIB |
||
| 999 |
_c93548 _d93548 |
||